Máy và thiết bị xây dựng

Sparad:
Bibliografiska uppgifter
Huvudupphovsman: NGUYỄN VĂN HÙNG
Materialtyp: Bok
Språk:Undetermined
Publicerad: Hà Nội Xây Dựng 2001
Ämnen:
Taggar: Lägg till en tagg
Inga taggar, Lägg till första taggen!
Thư viện lưu trữ: Trung tâm Học liệu Trường Đại học Cần Thơ
LEADER 00509nam a2200169Ia 4500
001 CTU_45311
008 210402s9999 xx 000 0 und d
082 |a 621.8 
082 |b H513/2001 
100 |a NGUYỄN VĂN HÙNG 
245 0 |a Máy và thiết bị xây dựng 
245 0 |c NGUYỄN VĂN HÙNG 
260 |a Hà Nội 
260 |b Xây Dựng 
260 |c 2001 
650 |a construction equipment,machine engineering 
980 |a Trung tâm Học liệu Trường Đại học Cần Thơ